Quel Fast Food ? - Statistiques

Statistiques générales
  • Ce quiz a été pris 620 fois
  • Le résultat moyen est 8 sur 12
Statistiques - réponses
Produit Réponse % Correct
Big Mac Mcdo
100%
Whopper Burger King
88%
Giant Quick
84%
Tacos XL O'Tacos
83%
Bucket de poulet frit KFC
79%
Frites Five Guys (style Cajun ou classique) Five Guys
73%
Caramel Macchiato Starbucks
70%
Sub au Poulet Teriyaki Subway
66%
Pan Pizza Pepperoni Pizza Hut
57%
Pepperoni Passion Dominos Pizza
44%
Waffle Fries Pepe Chicken
43%
Crunchwrap Supreme Taco Bell
10%
Aucun quiz correspondant
Distribution des résultats
% des personnes avec chaque résultat
Percentile par nombre de réponses
Votre historique - résultats
Vous n’avez pas pris ce quiz